000 00350 a2200169 4500
001 175452
020 _a85-322-4978-7
040 _cMagnum
100 _aCheida, Luiz Eduardo
240 1 0 _aBiologia integrada 3
_lpor
245 1 0 _aBiologia integrada 3
300 _a351
362 0 _a2002
440 1 _aFTD
697 _aBIOLOGIA
942 _cBK
999 _c175452
_d175452